Countries With 'J' Quiz Stats

 Plays Quiz Updated Mar 16, 2013

Support Sporcle.
Go Orange.
Score 0/7 Timer 02:00
3 Plays Today
Country % Correct
Japan
83.1%
Jamaica
76%
Jordan
67.4%
Djibouti
54.3%
Azerbaijan
54.2%
Tajikistan
51.1%
Fiji
43.9%

You're not logged in!

Compare scores with friends on all Sporcle quizzes.
OR
Log In
Forgot?

From the Vault

Ends with 'Z' (Four Letters)

by caramba

Zorro must have ruined a lot of shirts practicing that Z so often.
Remove Ads.
Support Sporcle.
Get the best of Sporcle when you Go Orange. This ad-free experience offers more features, more stats, and more fun while also helping to support Sporcle. Thank you for becoming a member.

Show Comments

Extras

Top Quizzes Today


Score Distribution

Your Account Isn't Verified!

In order to create a playlist on Sporcle, you need to verify the email address you used during registration. Go to your Sporcle Settings to finish the process.

Report this User

Report this user for behavior that violates our Community Guidelines.

Details: